[Event "Anderssen Memorial Open-A 2020"]
[Site "Wroclaw"]
[Date "2020.08.04"]
[Round "5.11"]
[White "Krawiec, Grzegorz"]
[Black "Kanicki, Krzysztof"]
[Result "1/2-1/2"]
[WhiteElo "1812"]
[BlackElo "2163"]
[Annotator "TA"]
[PlyCount "79"]
[EventDate "2020.08.01"]
[EventType "swiss"]
[EventCountry "POL"]
[SourceTitle "playchess.com"]
[Source "ChessBase"]
[SourceQuality "1"]

{[%evp 18,79,12,0,9,-91,-85,-88,-96,-96,-89,-111,-115,-104,-104,-137,-122,-159,-127,-126,-119,-126,-107,-138,-118,-118,-116,-112,-89,-102,-85,-92,-78,-55,-33,-52,-55,-101,-87,-87,-76,-79,-89,-82,0,0,0,0,0,0,-6,-12,0,0,0,0,0,0,0,0,0,0,0,0]} 1. e4 c5 2. Nf3 Nc6 3. d4 cxd4 4. Nxd4 Nf6 5. Nc3 d6 6. g3 g6 7. Bg2 Nxd4 8. Qxd4 Bg7 9. O-O O-O 10. h3 Be6 {B70: Sicilian Dragon: 6 g3 and 6 Be2 (without a later Be3).} 11. Qd3 (11. Qd1 $11 {remains equal.}) 11... Qc8 $17 12. Nd5 Nxd5 {Black is better.} 13. exd5 Bxh3 {[#]} 14. c3 $146 ({Predecessor:} 14. Re1 Bxg2 15. Kxg2 Re8 16. c3 Qc7 17. Bg5 Rac8 18. Re4 e5 19. dxe6 Rxe6 20. Rxe6 fxe6 {0-1 (38) Ianocichin,V (2152)-Itkis,B (2346) Balti 2015}) 14... Bxg2 15. Kxg2 e5 16. Rh1 f5 17. Bh6 e4 18. Qd2 {aiming for Bxg7.} Rf7 19. Bxg7 Rxg7 20. Qd4 Qc5 21. Qxc5 dxc5 {[%mdl 4096] Endgame KRR-KRR} 22. c4 Rd8 23. Rac1 Kf7 24. f3 exf3+ 25. Kxf3 Kf6 26. Rce1 Rd6 $1 27. Re2 {[#]} b5 $1 {[%mdl 512]} 28. b3 (28. cxb5 Rxd5) 28... Rb7 29. g4 bxc4 30. bxc4 Rb4 ({Better is} 30... fxg4+ $17 31. Kxg4 h5+ 32. Kg3 Ra6 33. Rf1+ Kg7) 31. gxf5 $11 {Black must now prevent Re6+.The position is equal.} Kxf5 32. Rxh7 Rxc4 33. Rf7+ Rf6 34. Rxa7 Rf4+ 35. Kg3 Rg4+ 36. Kh3 Rd4 37. Rc7 Rxd5 38. Rc2 Ra6 39. R7xc5 Ra3+ 40. Kg2 {Accuracy: White = 72%, Black = 92%.} 1/2-1/2

[Event "Anderssen Memorial Open-A 2020"]
[Site "Wroclaw"]
[Date "2020.08.04"]
[Round "5.12"]
[White "Krzywda, Andrzej"]
[Black "Bojczewski, Mateusz"]
[Result "1/2-1/2"]
[WhiteElo "2156"]
[BlackElo "1886"]
[Annotator "TA"]
[PlyCount "130"]
[EventDate "2020.08.01"]
[EventType "swiss"]
[EventCountry "POL"]
[SourceTitle "playchess.com"]
[Source "ChessBase"]
[SourceQuality "1"]

{[%evp 11,129,3,0,-24,-7,-13,-10,-27,-8,-5,-8,-20,-14,-23,-13,-21,3,0,41,42,33,27,22,0,37,38,43,-49,-47,-42,-7,-12,-7,-20,-15,-59,-10,-12,-6,-9,-7,-12,-2,-13,0,-2,0,0,0,-8,0,-11,-5,-31,-27,-27,-25,-101,-85,-119,-119,-102,-91,-124,-122,-321,-308,-317,-274,-350,-341,-349,-346,-343,-344,-287,-244,-435,-351,-329,-283,-435,-368,-379,-233,-180,-8,-8,-8,-8,-8,-8,-8,-8,-8,-8,-8,-8,-8,-8,-8,-8,-8,-8,-8,-8,-8,-8,-8,-8,-8,-8,-8,-8,-8,-8,-8,-8,-8,-8]} 1. d4 Nf6 2. c4 e6 3. g3 d5 4. Bg2 dxc4 5. Nf3 c5 6. Nc3 Nc6 {[%cal Rc5d4]} 7. dxc5 {A34: Symmetrical English: 2 Nc3, lines with ...d5.} Qxd1+ 8. Nxd1 Bxc5 9. O-O O-O {[#]} 10. Be3 $146 ({Predecessor:} 10. Nc3 a6 11. Nd2 b5 12. Bxc6 Rb8 13. Nde4 Nxe4 14. Bxe4 f5 15. Bg2 Bd7 16. Bf4 {1-0 (36) Yanguas Martinez,H (1781)-Castano Sanchez,T (1705) Santa Eulalia de Roncana 2015}) 10... Be7 11. Nd2 Nd5 12. Nxc4 b5 13. Nd2 Bb7 14. Nb3 Ne5 15. Bc5 Bxc5 16. Nxc5 Bc6 $1 17. Rc1 Nb4 18. Bxc6 Nbxc6 19. a4 (19. Nc3 $14) 19... Nd4 $15 20. Re1 bxa4 21. f4 Ng4 22. h3 Nf6 23. Rc4 Nb3 {Hoping for ...Rfc8.} 24. Nxa4 Rfc8 25. Rxc8+ Rxc8 26. Nac3 Kf8 27. Nf2 Rd8 28. Rd1 Rxd1+ (28... Rb8 {looks sharper.} 29. Rd6 Nc5 30. Rc6 Nfd7 31. Rc7 Rxb2 32. Nfe4 Nxe4 33. Nxe4 Rxe2 34. Nd6 Ke7) 29. Nfxd1 $11 {[%mdl 4096] Endgame KNN-KNN} Ke7 30. Kf2 Kd7 31. g4 Kc6 32. e4 Kc5 33. Ke3 Kc4 34. Nf2 (34. Nb1 $11 {remains equal.}) 34... Nc5 $1 $17 35. Kd2 a6 36. g5 Ne8 37. e5 Nc7 38. Nfe4 $2 (38. h4 $17) 38... Nxe4+ $19 39. Nxe4 {KN-KN} Nd5 40. Nd6+ {[#]} Kd4 $1 41. Nxf7 Nxf4 42. h4 Ng6 43. Nd8 Kxe5 ({Resist} 43... Nxh4 44. Nxe6+ Kxe5 45. Nxg7 $17) 44. Kc3 $2 (44. h5 {might work better.} Nf4 45. Nf7+ Kf5 46. g6 hxg6 47. hxg6) 44... Kd5 45. h5 Ne7 46. h6 (46. Nf7 {is a better defense.}) 46... gxh6 47. gxh6 e5 48. Nf7 {[#]} Nf5 $2 ({Better is} 48... Ng8 $1 $19 49. Ng5 Nf6) 49. Ng5 $11 {The position is equal.} Nxh6 {Strongly threatening ...e4.} 50. Nxh7 Ng4 {With the idea ...e4.} 51. Ng5 $1 Nf2 {aiming for ...Ne4+.} 52. Kb4 Nd3+ 53. Ka5 Nxb2 54. Kxa6 Na4 55. Kb5 Nc5 56. Kb4 Ne6 57. Nf7 e4 {White must now prevent ...e3.} 58. Kc3 Nf4 59. Kd2 Kd4 60. Ng5 e3+ 61. Ke1 Kd3 62. Nf3 e2 63. Kf2 $1 Nh3+ 64. Ke1 Ke3 {( -> ...Nf4)} 65. Ng1 Nxg1 {Black had all chances to win. Accuracy: White = 72%, Black = 80%.} 1/2-1/2

[Event "Anderssen Memorial Open-A 2020"]
[Site "Wroclaw"]
[Date "2020.08.04"]
[Round "5.13"]
[White "Malecki, Rafal"]
[Black "Skurniak, Szymon"]
[Result "0-1"]
[WhiteElo "2071"]
[BlackElo "2036"]
[Annotator "TA"]
[PlyCount "64"]
[EventDate "2020.08.01"]
[EventType "swiss"]
[EventCountry "POL"]
[SourceTitle "playchess.com"]
[Source "ChessBase"]
[SourceQuality "1"]

{[%evp 15,63,0,0,-7,0,-36,0,-5,-8,-2,0,0,-6,-35,-29,-64,0,-3,0,-60,-47,-75,-65,-72,-61,-68,-72,-68,-83,-74,-80,-63,0,-64,-38,-79,-13,0,50,0,0,0,0,-18,-15,-64,-40,-1094,-1069,-29999]} 1. Nf3 d5 2. g3 g6 3. Bg2 Bg7 4. O-O e5 5. d3 Ne7 6. e4 O-O 7. Nbd2 Nbc6 8. c3 a5 9. Re1 {A07: Réti Opening: New York and Capablanca Systems.} h6 10. Qc2 Be6 11. exd5 {The position is equal.} Bxd5 12. b3 g5 {[#]} 13. Ba3 $146 ({Predecessor:} 13. Bb2 Ng6 14. h3 Qd7 15. Rad1 Rad8 16. Kh2 f5 17. Ba3 Rf7 18. Nc4 g4 19. Ng1 Bxg2 20. Kxg2 {0-1 (32) Derjabin,I (2391)-Hasangatin,R (2503) Alushta 2004}) 13... Re8 14. Bh3 Ng6 15. Rad1 Be6 (15... h5 $15 16. Bf5 Qf6) 16. Bxe6 $11 Rxe6 17. d4 (17. Nc4 $11) 17... exd4 $15 18. Rxe6 d3 19. Qb1 fxe6 20. Nc4 b5 {[%cal Bb7b5,Bb5b4][%mdl 32]} 21. Rxd3 Qf6 22. Ncd2 b4 23. Bb2 Rf8 ({Black should play} 23... Qf5 $15) 24. Qf1 (24. Re3 $11) 24... g4 25. Nd4 {[#]} Nge5 (25... Nce5 $1 $17 {[%cal Re5d3]} 26. Ne4 Qe7) 26. Re3 $11 Ne7 {next ...Nd5 is good for Black.} 27. c4 Nf5 $1 $36 {[%cal Rf5e3][%mdl 2048] Black has good play.} 28. Nxf5 Qxf5 29. Bxe5 Bxe5 30. Qe2 Bd4 31. Rxe6 $2 {[%mdl 8192] [#]} (31. Re4 $15 Qxf2+ 32. Qxf2 Bxf2+ 33. Kg2) 31... Qxf2+ $19 32. Kh1 Qg1# {Accuracy: White = 40%, Black = 68%.} 0-1

[Event "Anderssen Memorial Open-A 2020"]
[Site "Wroclaw"]
[Date "2020.08.04"]
[Round "5.14"]
[White "Vanduyfhuys, Daria"]
[Black "Peglau, Mirjam"]
[Result "1-0"]
[WhiteElo "1985"]
[BlackElo "1851"]
[Annotator "TA"]
[PlyCount "103"]
[EventDate "2020.08.01"]
[EventType "swiss"]
[EventCountry "POL"]
[SourceTitle "playchess.com"]
[Source "ChessBase"]
[SourceQuality "1"]

{[%evp 9,103,30,40,44,51,42,37,42,55,41,108,76,85,61,94,87,89,82,89,91,88,82,88,84,106,106,109,67,88,58,109,81,104,31,60,65,70,67,41,36,66,57,77,34,403,363,396,386,403,391,397,381,420,411,411,400,420,420,420,411,460,452,477,466,543,540,764,751,743,732,1001,1706,1616,1423,1453,1355,1200,852,829,840,12837,12838,12838,12839,29981,29981,29980,29981,29982,29981,29981,29982,29982,12843,12844,12844]} 1. d4 d5 2. c4 e6 3. Nf3 Nf6 4. Nc3 c6 5. Bg5 Bd6 6. e3 {D31: Queen's Gambit Declined: Semi-Slav without ...Nf6 (+ Marshall Gambit and Noteboom) and Exchange Variation lines without ...Nf6.} O-O 7. Rc1 Re8 8. Bd3 {White is slightly better.} Nbd7 9. O-O Nf8 {[#]} (9... h6 $14) 10. Re1 $146 ({Predecessor:} 10. Ne5 Ng6 11. f4 Be7 12. Qf3 dxc4 13. Bxc4 Nd5 14. Bd3 Nxc3 15. bxc3 Nxe5 16. fxe5 Bxg5 17. Qxf7+ Kh8 18. Rf3 Bd7 19. Rh3 Bxe3+ 20. Kh1 h6 21. Qg6 Kg8 22. Qh7+ {1-0 (22) Caro Garcia Huidobro,I-Suarez Ohiggins,L (1992) Antofagasta 2016}) 10... Ng6 11. e4 {[#] aiming for e5.} dxe4 12. Nxe4 Be7 13. Qb3 Nxe4 14. Bxe7 Nd2 15. Nxd2 Rxe7 16. Nf3 b6 {[%cal Bb7b6,Bb6b5,Bb5b4][%mdl 32]} 17. Bxg6 hxg6 18. c5 Bb7 19. Rcd1 Qd5 ({Black should try} 19... Rd7 $14) 20. Qb4 b5 21. Nd2 (21. Qa5 $16) 21... a5 22. Qc3 Rd7 23. Ne4 Qxa2 24. Nd6 b4 25. Qc2 {d5! is the strong threat.} a4 26. Ra1 Qb3 $2 {[%mdl 8192] [#] A mistake that costs the game.} ({Better is} 26... Qd5 $1 $14) 27. Qxb3 $18 axb3 28. Rxa8+ Bxa8 {[%mdl 4096] Endgame KRB-KRN} 29. Ra1 Rd8 30. Kf1 Rb8 31. Ra7 f6 32. Ke2 e5 33. dxe5 fxe5 34. Kd3 Rf8 35. f3 g5 36. h3 Kh7 37. Nc4 Kg6 38. Nb6 Rd8+ 39. Ke2 Kf5 40. Rxa8 {KRN-KR} Rd4 41. Rf8+ Ke6 42. Rc8 e4 43. Re8+ Kf5 44. Rxe4 Rxe4+ 45. fxe4+ Kxe4 {KN-KP} 46. Nd7 Kd5 47. Kd3 Ke6 48. Nb6 Ke5 49. Ke3 Kf5 50. Nc4 g4 51. hxg4+ Kxg4 52. Ne5+ {Accuracy: White = 81%, Black = 55%.} 1-0

[Event "Anderssen Memorial Open-A 2020"]
[Site "Wroclaw"]
[Date "2020.08.04"]
[Round "5.15"]
[White "Peglau, Dora"]
[Black "Roessler, Frank-Peter"]
[Result "1-0"]
[WhiteElo "1704"]
[BlackElo "1902"]
[Annotator "TA"]
[PlyCount "61"]
[EventDate "2020.08.01"]
[EventType "swiss"]
[EventCountry "POL"]
[SourceTitle "playchess.com"]
[Source "ChessBase"]
[SourceQuality "1"]

{[%evp 9,61,60,74,37,71,76,110,110,120,122,113,99,118,116,170,146,166,130,244,215,244,244,243,239,239,252,285,285,286,277,358,360,443,443,416,228,882,819,1651,1643,971,576,506,493,608,498,868,839,815,656,29994,2009,29996,29997]} 1. e4 g6 2. d4 Bg7 3. c4 d6 4. Nc3 c6 5. Be3 f5 6. f3 {A42: Modern Defence: Averbakh Variation.} Nf6 {[#]} 7. e5 $146 ({Predecessor:} 7. Qd2 O-O 8. Bd3 fxe4 9. Nxe4 Nxe4 10. Bxe4 Bf5 11. h4 d5 12. Bxf5 gxf5 13. O-O-O dxc4 {1-0 (59) Barrish,D (2281)-Khetho,P (2215) Cape Town 2016}) 7... dxe5 8. dxe5 {White is better.} Nfd7 9. f4 Na6 10. Nf3 O-O 11. Be2 Qc7 (11... Ndc5 $16 {keeps fighting.}) 12. O-O Ndc5 13. a3 Be6 {[#]} (13... Rd8 $16 14. Qc2 Ne6) 14. b4 $1 $18 {[%cal Rb4c5]} Ne4 15. Nxe4 fxe4 16. Ng5 Bf5 17. c5 h6 18. Qb3+ Kh8 19. Ne6 Bxe6 20. Qxe6 Kh7 21. Rad1 Rad8 22. Rxd8 (22. Bg4 $142) 22... Rxd8 $2 (22... Qxd8 23. Qc4 Nc7 24. Qxe4 Qd5) 23. f5 gxf5 24. Qxf5+ ({Weaker is} 24. Rxf5 Qc8 $18) 24... Kh8 25. Qg6 Qxe5 26. Bxh6 {[#] Strongly threatening Rf7.} Bf6 {and the idea ...Rg8 leaves Black hopeful.} 27. Be3 Bg7 (27... Qc3 $142 28. Qh5+ Kg8) 28. Rf5 Qa1+ 29. Kf2 {White wants to mate with Qh5+.} Rd5 {Black hopes to continue with ...Rxf5+.} 30. Rh5+ (30. Qe8+ $142 Kh7 31. Rh5+ Rxh5 32. Qxh5+ Bh6 33. Qxh6+ Kg8 34. Bc4+ e6 35. Bxe6#) 30... Rxh5 31. Qxh5+ {White took control after the opening. Accuracy: White = 64%, Black = 30%.} ({Not} 31. Bxh5 Nc7 $14) 1-0

[Event "Anderssen Memorial Open-A 2020"]
[Site "Wroclaw"]
[Date "2020.08.05"]
[Round "6.1"]
[White "Cukrowski, Filip"]
[Black "Barski, Radoslaw"]
[Result "1-0"]
[WhiteElo "2419"]
[BlackElo "2444"]
[Annotator "TA"]
[PlyCount "65"]
[EventDate "2020.08.01"]
[EventType "swiss"]
[EventCountry "POL"]
[SourceTitle "playchess.com"]
[Source "ChessBase"]
[SourceQuality "1"]

{[%evp 22,65,17,31,22,23,23,19,29,32,34,18,25,6,8,-38,50,43,90,95,170,181,167,0,0,0,0,0,580,577,854,844,797,758,786,607,611,611,604,613,1168,1162,1308,1332,1303,1255]} 1. e4 e5 2. Nf3 Nc6 3. Bb5 a6 4. Ba4 Nf6 5. O-O Be7 6. Re1 b5 7. Bb3 O-O 8. h3 Bb7 9. d3 d5 10. exd5 Nxd5 11. Nxe5 Nxe5 12. Rxe5 Qd6 {C88: Closed Ruy Lopez: Anti-Marshall Systems.} 13. Re1 Rae8 14. Nd2 c5 {The position is equal.} 15. Ne4 Qc6 {Strongly threatening ...c4.} 16. c4 Nb6 $1 {White must now prevent ...bxc4.} 17. cxb5 axb5 {Hoping for ...c4.} 18. a4 {[%cal Ba2a4,Ba4b5][%mdl 32]} c4 (18... bxa4 $15 19. Rxa4 (19. Bxa4 Nxa4 20. Rxa4 f5 $17) 19... c4 20. Rxc4 Nxc4 21. Bxc4 Kh8) 19. axb5 $14 Qg6 {[#]} 20. Bc2 $146 {Ra7 is the strong threat.} ({Predecessor:} 20. Ba2 cxd3 21. Ng3 Bd6 22. Bd2 Rxe1+ 23. Qxe1 h5 24. Qe3 Bxg3 25. fxg3 Ra8 26. Qe1 {0-1 (34) Barbosa,E (2454)-Bachmann,A (2543) Villa Martelli 2013}) 20... f5 {[#]} (20... Bc5 $16 {might work better.}) 21. Ng3 $1 $18 f4 {[#]} 22. dxc4 $2 (22. Bxf4 $1 $18 Rxf4 23. dxc4) 22... fxg3 $11 23. Bxg6 gxf2+ 24. Kh1 hxg6 $4 {[%mdl 8192]} (24... fxe1=R+ $11 25. Qxe1 hxg6 26. Qe6+ {[%mdl 64] Double Attack} Kh7 27. Qxb6 Rf1+ 28. Kh2 Be4) 25. Rf1 $18 {White is clearly winning.} Bh4 {And now ...Re1 would win.} 26. Qd4 Re1 27. Bf4 Nc8 28. Raxe1 fxe1=Q 29. Rxe1 Bxe1 30. c5 g5 31. Be5 Ne7 32. Qd7 {[%mdl 64] Double Attack} Bxg2+ 33. Kxg2 {Accuracy: White = 84%, Black = 52%.} 1-0

[Event "Anderssen Memorial Open-A 2020"]
[Site "Wroclaw"]
[Date "2020.08.05"]
[Round "6.2"]
[White "Jankowiak, Tomasz"]
[Black "Kopylov, Michael"]
[Result "0-1"]
[WhiteElo "2115"]
[BlackElo "2407"]
[Annotator "TA"]
[PlyCount "142"]
[EventDate "2020.08.01"]
[EventType "swiss"]
[EventCountry "POL"]
[SourceTitle "playchess.com"]
[Source "ChessBase"]
[SourceQuality "1"]

{[%evp 12,142,52,48,40,35,74,47,56,30,14,-66,-70,-66,2,7,17,22,23,-74,-67,-59,-50,-49,-27,-95,-96,-95,-89,-102,-97,-75,-58,-75,-75,-76,-76,-114,-93,-98,-98,-100,-98,-100,-100,-100,-100,-102,-92,-97,-98,-102,-102,-98,-98,-105,-95,-97,-86,-97,-86,-122,-97,-124,-111,-124,-124,-124,-107,-124,0,-124,-124,-141,-106,-141,-121,-539,-142,-530,-530,-506,-165,-163,-120,-130,-97,-99,-95,-156,-144,-195,-179,-190,-186,-220,-219,-208,-210,-165,-164,-446,-438,-491,-477,-1698,-1395,-29964,-29966,-29961,-29960,-7108,-1920,-29970,-29969,-29969,-29969,-29965,-29968,-29983,-29984,-29984,-29985,-29989,-29990,-29990,-29991,-29991,-29988,-29990,-29989,-29987,-29988]} 1. e4 c5 2. Nf3 a6 3. c4 b6 4. d4 cxd4 5. Nxd4 Bb7 6. Nc3 e6 7. Bd3 Qc7 {A34: Symmetrical English: 2 Nc3, lines with ...d5.} 8. O-O Nf6 9. Re1 Nc6 {[#] White is slightly better.} 10. Be3 $146 ({Predecessor:} 10. Nxc6 Qxc6 11. Ne2 Qc7 12. Bf4 Bd6 13. Bxd6 Qxd6 14. Ng3 Qc6 15. Bf1 d6 16. f4 {0-1 (51) Pak,N (1725)-Zamsha,D (1579) Krasnodar 2014}) 10... Ne5 11. f4 (11. f3 $11) 11... Neg4 $15 12. e5 Nxe3 (12... Bc5 $1 $15 13. Be4 (13. exf6 $2 Nxe3 14. fxg7 Rg8 $19) 13... Nxe4 14. Nxe4 Nxe3 15. Rxe3 Bxe4 16. Rxe4 Rd8) 13. Rxe3 $11 Bc5 14. Be2 $1 Ng8 15. Ne4 (15. Na4 $11 {remains equal.}) 15... Bxe4 $1 $17 16. Rxe4 Ne7 17. Kh1 Nf5 18. Bf3 (18. Nc2 $11) 18... Nxd4 ({Reject} 18... Bxd4 $6 19. Rxd4 Nxd4 20. Bxa8 $14) 19. Rxd4 Bxd4 20. Bxa8 Bxb2 21. Rb1 O-O 22. Bf3 Ba3 23. Qa4 Bc5 24. Qxa6 {[#]} g5 $1 {[%mdl 512]} 25. fxg5 Qxe5 26. Qb7 d6 27. Qe4 Qxg5 28. Rf1 Re8 29. Bd1 Qe5 30. Qg4+ Kh8 31. Qh5 {[#]} Rf8 $1 32. Qh6 {[%cal Rh6f8]} Qg7 33. Qf4 Qd4 34. Qh6 {[%cal Rh6f8]} Rg8 35. Bh5 Rg7 36. Qc1 Kg8 37. Be2 Qe5 $40 {[%mdl 128] Black is out for blood.} 38. Qd1 {[#]} Qe4 $1 {[%csl Gg7][%cal Re4g2]} 39. Rf3 Rg5 40. Qf1 Rg7 ({Black should play} 40... f5 $17 {...Rg7 is the strong threat.} 41. Rd3 Kg7) 41. Rf4 (41. Qd1 $1 $11) 41... Qc2 42. a3 Qd2 43. Qf3 {[%cal Rf3a8]} h6 44. Qa8+ Kh7 {And now ...d5 would win.} 45. Qe4+ $2 {[%mdl 8192]} (45. Qf3 $17 {was the crucial defense.}) 45... f5 $19 46. Qf3 Qc1+ $2 (46... Be3 47. Rxf5 exf5 48. Qxf5+ Kg8 49. Qc8+ Kf7 50. Bh5+ Kf6 51. Qf8+ Ke6) 47. Qf1 Qxf1+ 48. Rxf1 Bxa3 {[%mdl 4096] Endgame KRB-KRB} 49. g4 fxg4 {White must now prevent ...Bb2.} 50. Rf8 (50. Rf6 $142) 50... Rg5 $17 51. Rf6 (51. Re8 $17) 51... e5 $19 52. Kg2 Kg7 53. Rf1 Bc5 54. Bd3 Rh5 {Strongly threatening ...Rh3.} 55. Bf5 Rh4 56. Be6 $2 (56. Kg3 {was the only chance.} Rh3+ 57. Kxg4 Rxh2 58. Be4) 56... h5 57. Bf7 Rh3 58. Rf5 {[#]} (58. Be8 $142 Be3 59. Rf7+ Kh6 60. Rf6+ Kg5 61. Rg6+ Kh4 62. Rf6) 58... Rf3 $1 59. Be6 (59. Rxf3 gxf3+) 59... Rxf5 60. Bxf5 {KB-KB} Kf6 61. Bd7 Kg5 62. Be8 h4 {Black mates.} 63. Kf1 Kf4 64. Ke2 h3 65. Bd7 Bg1 66. Be6 Bxh2 67. Bd7 Bg1 68. Kf1 Bc5 69. Be6 Kg3 70. Bf5 Kh4 71. Be6 g3 {Accuracy: White = 55%, Black = 81%.} 0-1

[Event "Anderssen Memorial Open-A 2020"]
[Site "Wroclaw"]
[Date "2020.08.05"]
[Round "6.3"]
[White "Sieciechowicz, Marcin"]
[Black "Zwahr, Paul"]
[Result "1-0"]
[WhiteElo "2372"]
[BlackElo "2277"]
[Annotator "TA"]
[PlyCount "95"]
[EventDate "2020.08.01"]
[EventType "swiss"]
[EventCountry "POL"]
[SourceTitle "playchess.com"]
[Source "ChessBase"]
[SourceQuality "1"]

{[%evp 29,95,10,17,16,29,24,23,27,52,-20,-12,-17,-21,-18,-20,-18,-16,-47,-36,-80,-80,-83,-70,-102,0,0,0,0,0,0,0,0,0,0,0,0,0,0,35,56,43,79,112,75,132,135,167,146,551,543,29983,626,625,625,582,600,579,535,500,497,797,776,863,842,825,808,884,876]} 1. d4 Nf6 2. c4 g6 3. Nc3 Bg7 4. e4 d6 5. Nf3 O-O 6. Be2 e5 7. O-O Nc6 8. d5 Ne7 9. Ne1 Nd7 10. Be3 f5 11. f3 f4 12. Bf2 g5 13. Rc1 Ng6 14. c5 Nxc5 15. b4 Na6 $1 16. Nd3 {E99: King's Indian: Classical Main Line: 9 Ne1 Nd7 10 f3 f5.} Rf7 17. Nb5 Bd7 18. a4 {White has an edge.} h5 19. Be1 {[#]} (19. Nxa7 $14 Bf6 20. Nb5) 19... Bh6 $146 ({Predecessor:} 19... Bf8 20. Nf2 Rg7 21. Rc4 Nh8 22. h3 Nf7 23. Qc2 Nh6 24. Nxc7 Nxc7 25. Rxc7 g4 26. fxg4 hxg4 27. Nxg4 Nxg4 28. Bxg4 Bxg4 29. Rxg7+ Kxg7 30. hxg4 {½-½ (65) Luo,T (2124)-Sampath,A (1981) chess.com INT 2020}) 20. Rc4 Rg7 21. Nf2 Nf8 22. h3 Nh7 23. Qd3 Nf6 24. Bd2 g4 25. fxg4 hxg4 26. hxg4 Nxg4 ({Black should try} 26... Bg5 $17 27. Rfc1 Ne8) 27. Bxg4 Bxg4 28. Nxg4 Rxg4 29. Qh3 Qg5 30. Nxc7 Nxc7 31. Rxc7 Kh8 32. Be1 Rg8 {[%cal Rg4g2]} 33. Rc2 Rg7 34. Rf3 $1 Kh7 35. Rfc3 Qd8 36. a5 a6 ({Black should play} 36... R4g6) 37. Rc8 $36 {[%mdl 2048] Keeping Black busy.} Qf6 38. R8c7 {Qxg4 is the strong threat.} Kg8 $2 {[%mdl 8192] [#] This move loses the game for Black.} (38... Qg5 $16 {is tougher.} 39. Kh2 Qg6 40. Rxg7+ Qxg7) 39. Rxb7 $1 $18 {[%mdl 512]} Rf7 (39... Rxb7 40. Qxg4+) 40. Rd7 (40. Qxg4+ $142 Kh7 41. Rcc7 Rxc7 42. Rxc7+ Bg7 {[#]} 43. Rxg7+ $1 {[%mdl 512]} Qxg7 44. Qxg7+ Kxg7 45. b5 $1 {[%mdl 512]}) 40... Rxd7 {White is clearly winning.} 41. Qxg4+ {[%mdl 64] Double Attack} Rg7 42. Qe6+ Qxe6 43. dxe6 {KRB-KRB} f3 44. Kf1 Be3 (44... Kf8 $142 45. gxf3 Ke7) 45. gxf3 Re7 46. Rc6 Rxe6 47. Rxa6 Rh6 48. Bf2 {Accuracy: White = 72%, Black = 56%.} 1-0

[Event "Anderssen Memorial Open-A 2020"]
[Site "Wroclaw"]
[Date "2020.08.05"]
[Round "6.4"]
[White "Kopylov, Daniel"]
[Black "Nguyen, Alex Dac-Vuong"]
[Result "1-0"]
[WhiteElo "2348"]
[BlackElo "2366"]
[Annotator "TA"]
[PlyCount "59"]
[EventDate "2020.08.01"]
[EventType "swiss"]
[EventCountry "POL"]
[SourceTitle "playchess.com"]
[Source "ChessBase"]
[SourceQuality "1"]

{[%evp 9,59,19,55,20,51,5,17,16,31,0,16,0,0,-10,30,23,46,45,84,41,94,80,95,0,2,0,84,79,166,158,175,166,167,182,216,216,215,199,364,360,1969,1966,2177,2046,1777,1747,1737,1418,1122,560,539,539]} 1. e4 c5 2. Nf3 e6 3. d4 cxd4 4. Nxd4 a6 5. Nc3 Qc7 6. Qf3 {B43: Sicilian: Kan Variation: 5 Nc3.} Nf6 7. Bd3 Nc6 8. Nxc6 {The position is equal.} dxc6 9. O-O Be7 10. Bg5 {[#]} h6 $146 ({Predecessor:} 10... e5 11. a4 a5 12. Nb1 h6 13. Bd2 Be6 14. Na3 Rd8 15. Qe2 Bb4 16. Be3 O-O {1-0 (60) Hector,J (2540)-Strikovic,A (2485) Mondariz 1995}) 11. Bh4 g5 12. e5 $36 {[%mdl 2048] White is pushing.} Qxe5 13. Bg3 Qd4 14. Rae1 {[%mdl 1024] White has strong compensation.} Qg4 (14... Nd7 $14) 15. Qe3 $1 $16 Qb4 16. Qf3 (16. a3 $1 $16 {[%cal Ra3b4]} Qxb2 17. Na4 Qxa3 18. Ra1) 16... Qg4 $11 ({Avoid the trap} 16... Qxb2 $2 17. Be5 $18) 17. Qe3 ({Better is} 17. Qxg4 $11 Nxg4 18. Na4) 17... Qb4 $16 18. a3 Qxb2 (18... Qa5 $16 {was worth a try.}) 19. Na4 $1 $18 {[%cal Ra4b2]} Qxa3 {[#]} 20. Ra1 $1 {[%cal Ra1a3]} Qb4 21. c4 Bd8 {[#]} 22. Qd4 $1 {Strongly threatening Bd6.} Qf8 23. Be5 Nd7 $2 (23... Qe7) 24. Bxh8 f6 $2 (24... Bc7 25. Bg7 Qd6 26. Qxd6 Bxd6) 25. Bg6+ {White is clearly winning.} Ke7 26. Rad1 {[%csl Gd1][%cal Rd4d6]} Bc7 {[#]} 27. Nb6 $1 {[%cal Rd4d7][%mdl 512] White wants to mate with Qxd7+!} e5 (27... Bxb6 28. Qd6+) 28. Nxc8+ Qxc8 29. Qxd7+ (29. Rfe1 $142) 29... Qxd7 {[#]} 30. Bxf6+ $1 {[%mdl 512] Accuracy: White = 68%, Black = 55%.} 1-0